Η εγκοπή της φιλοσοφίας της παιδείας : εισαγωγή
Saved in:
| Main Author: | |
|---|---|
| Other Authors: | |
| Format: | Book |
| Language: | Greek |
| Published: |
Αθήνα :
Ατραπός, Διάδραση,
2004.
|
| Series: | Κείμενα παιδείας (Ατραπός)
14 |
| Subjects: | |
| Tags: |
Add Tag
No Tags, Be the first to tag this record!
|
MARC
| LEADER | 00000cam a2200000 i 4500 | ||
|---|---|---|---|
| 001 | 1/68940 | ||
| 008 | 041214s20042011gr | ||| |||| ||gre|| | ||
| 020 | |a 9608325919 | ||
| 020 | |a 9789609541145 | ||
| 020 | |a 9789609541008 | ||
| 035 | |l 10075870 | ||
| 040 | |a GR-MY-UA |b gre |e aacr | ||
| 041 | 0 | |a gre | |
| 082 | 7 | |a 370.1 |2 (21) | |
| 100 | 1 | |a Θεοδωροπούλου, Έλενα Κ. | |
| 245 | 1 | 2 | |a Η εγκοπή της φιλοσοφίας της παιδείας : |b εισαγωγή / |c Έλενα Κ. Θεοδωροπούλου ; πρόλογος: Jean Houssaye |
| 260 | |a Αθήνα : |b Ατραπός, |b Διάδραση, |c 2004. | ||
| 300 | |a 331 σ.; |c 21 εκ. | ||
| 490 | 1 | |a (Κείμενα παιδείας / Ατραπός ; |v 14) | |
| 500 | |a Το δεύτερο και τρίτο αντίτυπο του παραρτήματος της Ρόδου έχουν εκδοθεί από τις εκδόσεις Διάδραση το 2011. | ||
| 650 | 0 | 0 | |a Education |x Philosophy. |
| 700 | 1 | |a Houssaye, Jean, |e aui | |
| 830 | 0 | |a Κείμενα παιδείας (Ατραπός) |v 14 | |
| 852 | |a INST |b LESVOS |e 20191015 |h 370.1 ΘΕΟ |p 005100061785 |q 005100061785 |t BK |y 0 | ||
| 852 | |a INST |b RHODES |e 20041214 |h 370.1 ΘΕΟ |p 005400017963 |q 005400017963 |t BK |y 0 | ||
| 852 | |a INST |b RHODES |c EUDOXUS |e 20130514 |h 370.1 ΘΕΟ |p 005400035170 |q 005400035170 |t EDX |y 0 | ||
| 852 | |a INST |b RHODES |c EUDOXUS |e 20140515 |h 370.1 ΘΕΟ |p 005400036451 |q 005400036451 |t EDX |y 0 | ||
| 901 | |a BIBL4-2004-3 | ||
| 901 | |a BIBL4-2013-2 | ||
| 901 | |a BIBL4-2014-2 | ||
| 909 | |a Ρ |b 110186 | ||
| 909 | |a Ρ |b 176699 | ||
| 909 | |a Ρ |b 182953 | ||
| 920 | |a ΕΥΔΟΞΟΣ |b ΠΑΡΑΓΓΕΛΙΑ |y Ρόδος-ΤΕΠΑΕΣ |z 2013-04 | ||
| 920 | |a ΕΥΔΟΞΟΣ |b ΠΑΡΑΓΓΕΛΙΑ |y Ρόδος-ΤΕΠΑΕΣ |z 2014-05 | ||
| 970 | |a ΧΟΡΟΖΙΔΟΥ |b ΤΖΕΝΗ |z 2004/12/14 | ||